Statistiques concernant Slam #1

Cliquez ici pour prendre le quiz!

Statistiques générales

  • Ce quiz a été pris 776 fois
  • Le résultat moyen est 20 sur 36

Statistiques - réponses

Réponse% Correct
E
99%
A
97%
D
95%
R
94%
T
81%
S
80%
I
76%
T
72%
P
71%
C
64%
P
62%
S
62%
M
61%
P
61%
M
58%
U
58%
T
55%
P
49%
O
48%
N
46%
N
46%
T
46%
H
45%
S
45%
O
44%
M
43%
I
42%
U
42%
N
40%
T
40%
O
39%
T
38%
U
38%
B
34%
I
34%
T
34%

Distribution des résultats

Percentile par nombre de réponses

% des personnes avec chaque résultat

Votre développement - résultats

Vous n’avez pas pris ce quiz